[Event "Fagernes International 2022"]
[Site "Fagernes"]
[Date "2022.04.12"]
[Round "4.15"]
[White "Johansen, Aleksander"]
[Black "Lye, Sigurd"]
[Result "1/2-1/2"]
[WhiteElo "1506"]
[BlackElo "1810"]
[Annotator "NA RC"]
[PlyCount "182"]
[EventDate "2022.04.10"]
[EventCountry "NOR"]
[SourceTitle "playchess.com"]
[Source "ChessBase"]
[SourceQuality "1"]

1. d4 {[%emt 0:00:15]} Nf6 {[%emt 0:00:05]} 2. c4 {[%emt 0:00:04]} e6 {[%emt 0:00:04]} 3. Nf3 {[%emt 0:00:26]} d5 {[%emt 0:00:24]} 4. cxd5 {[%emt 0:01:12]} exd5 {[%emt 0:00:08]} 5. Nc3 {[%emt 0:00:28]} Bb4 {[%emt 0:00:23]} 6. Bg5 {[%emt 0:01:01]} h6 {[%emt 0:00:11]} 7. Bh4 {[%emt 0:01:12]} c6 {[%emt 0:05:51]} 8. Qc2 {[%emt 0:00:24]} O-O {[%emt 0:00:40]} 9. e3 {[%emt 0:00:12]} Re8 {[%emt 0:05:21]} 10. Bd3 {[%emt 0:02:17]} Nbd7 {[%emt 0:01:47]} 11. O-O {[%emt 0:00:24]} Bd6 {[%emt 0:04:51]} 12. a3 {[%emt 0:01:35]} Nf8 {[%emt 0:05:18]} 13. b4 {[%emt 0:00:31]} Bg4 {[%emt 0:01:05]} 14. Nd2 {[%emt 0:01:14]} Bh5 {[%emt 0:00:33]} 15. Rfe1 {[%emt 0:01:40]} Bg6 {[%emt 0:00:53]} 16. e4 {[%emt 0:02:06]} dxe4 {[%emt 0:00:35]} (16... Ne6 $17 17. Ne2 dxe4 18. Bxe4 Bxe4 19. Nxe4 g5) 17. Ndxe4 {[%emt 0:01:02]} Be7 {[%emt 0:01:04]} 18. Nxf6+ {[%emt 0:04:09]} Bxf6 {[%emt 0:00:07]} 19. Rxe8 {[%emt 0:00:54]} Qxe8 {[%emt 0:00:07]} 20. Bxf6 {[%emt 0:00:55]} gxf6 {[%emt 0:00:06]} 21. Ne4 {[%emt 0:02:55]} Kg7 {[%emt 0:02:21]} 22. Nc5 {[%emt 0:05:45]} Qe7 {[%emt 0:03:09]} 23. h3 {[%emt 0:03:31]} Rd8 {[%emt 0:00:53]} 24. Qe2 {[%emt 0:01:10]} Qxe2 {[%emt 0:01:13]} 25. Bxe2 {[%emt 0:00:02]} b6 {[%emt 0:00:16]} 26. Nb3 {[%emt 0:03:51]} Ne6 {[%emt 0:00:43]} 27. Rc1 {[%emt 0:02:09]} Be4 {[%emt 0:02:34]} 28. f3 {[%emt 0:01:41]} Bd5 {[%emt 0:01:34]} 29. Bc4 {[%emt 0:01:24]} Bxc4 {[%emt 0:22:14]} 30. Rxc4 {[%emt 0:00:13]} Rd6 {[%emt 0:00:15]} 31. Kf2 {[%emt 0:04:16]} b5 {[%emt 0:01:20]} (31... f5 $15) 32. Rc3 {[%emt 0:00:38]} Nxd4 {[%emt 0:01:17]} (32... f5 $11 {remains equal.}) 33. Nxd4 {[%emt 0:00:20]} Rxd4 {[%emt 0:00:05]} 34. Rxc6 {[%emt 0:00:13]} Rd2+ {[%emt 0:05:53]} 35. Kg3 {[%emt 0:00:43]} Rd7 {[%emt 0:09:21]} 36. Ra6 {[%emt 0:00:19]} Kg6 {[%emt 0:01:06]} 37. Ra5 {[%emt 0:01:53]} Rb7 {[%emt 0:00:28]} 38. Kf4 {[%emt 0:00:18]} f5 {[%emt 0:00:31]} 39. h4 {[%emt 0:05:00]} h5 {[%emt 0:01:38]} 40. g3 {[%emt 0:00:47]} f6 {[%emt 0:05:06]} 41. Ke3 {[%emt 0:03:50]} Rc7 {[%emt 0:04:10]} 42. Kd3 {[%emt 0:03:21]} Rd7+ {[%emt 0:03:06]} 43. Ke3 {[%emt 0:03:39]} Rc7 {[%emt 0:00:39]} 44. Kd4 {[%emt 0:11:45]} Rc4+ {[%emt 0:15:10]} 45. Kd3 {[%emt 0:08:19]} f4 {[%emt 0:01:16]} 46. g4 {[%emt 0:09:57]} hxg4 {[%emt 0:01:01]} 47. fxg4 {[%emt 0:00:02]} f3 {[%emt 0:01:00]} 48. Rxb5 {[%emt 0:04:48]} Rxg4 {[%emt 0:03:10]} 49. h5+ {[%emt 0:00:51]} Kf7 {[%emt 0:07:42] [#]} 50. Ke3 $1 {[%emt 0:03:55]} Rh4 {[%emt 0:02:24]} 51. Rb7+ {[%emt 0:02:50]} ({Don't play} 51. Kxf3 $6 Rh3+ 52. Kg4 Rxa3 $16) 51... Ke6 {[%emt 0:00:25]} 52. Rxa7 {[%emt 0:00:34]} Rxh5 {[%emt 0:00:08]} 53. Ra6+ {[%emt 0:01:19]} Ke7 {[%emt 0:00:53]} 54. Kxf3 {[%emt 0:00:10]} Rh3+ {[%emt 0:01:07]} 55. Kf4 {[%emt 0:00:14]} Kd7 {[%emt 0:00:17]} (55... Rh4+ {was called for.} 56. Kg3 Rd4) 56. Kf5 {[%emt 0:02:26]} ({Inferior is} 56. Rxf6 Rxa3 57. Ke5 Rb3 $11) (56. b5 $18) 56... Rf3+ $2 {[%emt 0:00:32]} (56... Rb3 $16 {is a better defense.} 57. Kxf6 Kc8) 57. Ke4 {[%emt 0:00:49]} Rf1 {[%emt 0:00:51]} 58. b5 {[%emt 0:01:07]} Kc7 {[%emt 0:00:47]} 59. a4 {[%emt 0:00:51]} Kb7 {[%emt 0:01:43]} 60. Kd5 {[%emt 0:01:31]} f5 {[%emt 0:00:28]} 61. Kc5 {[%emt 0:01:19]} Rf4 {[%emt 0:06:47]} 62. a5 {[%emt 0:02:57]} Rf1 {[%emt 0:01:07]} 63. Rf6 {[%emt 0:05:19]} Rc1+ {[%emt 0:01:09]} 64. Kd6 {[%emt 0:01:05]} Rd1+ {[%emt 0:03:08]} 65. Ke6 {[%emt 0:01:28]} Ra1 {[%emt 0:10:12]} 66. Rf7+ {[%emt 0:01:09]} Ka8 {[%emt 0:00:16]} 67. a6 {[%emt 0:01:00]} Rb1 {[%emt 0:00:54]} 68. Rxf5 {[%emt 0:00:51]} Ka7 {[%emt 0:00:32]} 69. Rf7+ {[%emt 0:01:44]} Ka8 {[%emt 0:00:11]} 70. Rf5 {[%emt 0:01:27]} Ka7 {[%emt 0:00:23]} 71. Kd6 {[%emt 0:01:27]} Kb6 {[%emt 0:01:40]} 72. Rd5 {[%emt 0:05:51]} Rc1 {[%emt 0:01:27]} 73. Kd7 {[%emt 0:01:24]} Ka7 {[%emt 0:00:50]} 74. Rd6 {[%emt 0:00:45]} Rb1 {[%emt 0:00:44]} 75. Rd5 {[%emt 0:02:30]} Rc1 {[%emt 0:00:28] [#]} 76. Kd8 {[%emt 0:00:59]} (76. Rd2 $1 $18) 76... Rb1 {[%emt 0:02:21]} 77. Rc5 {[%emt 0:06:52]} ({But not} 77. Rd7+ Ka8 $18) 77... Rh1 $2 {[%emt 0:02:34]} (77... Kb6 $16) 78. Rc7+ {[%emt 0:01:20]} Ka8 {[%emt 0:01:13]} 79. Kd7 {[%emt 0:00:53]} Kb8 {[%emt 0:01:14]} 80. a7+ {[%emt 0:01:48]} (80. b6 Rd1+ 81. Ke7 Ra1 82. a7+ Ka8 83. Rc8+ Kb7 84. Rb8+ Kc6 85. a8=Q+ Rxa8 86. Rxa8) 80... Ka8 {[%emt 0:00:06]} 81. b6 {[%emt 0:04:50]} Rh7+ {[%emt 0:00:32]} 82. Kd6 {[%emt 0:02:02]} Rd7+ {[%emt 0:01:16]} 83. Kc5 {[%emt 0:00:50]} Rd5+ {[%emt 0:00:12]} 84. Kc4 {[%emt 0:01:28]} Rd4+ {[%emt 0:00:10]} 85. Kc3 {[%emt 0:00:51]} Rd3+ {[%emt 0:00:06]} 86. Kc2 {[%emt 0:00:20]} Rd2+ {[%emt 0:00:05]} 87. Kb1 {[%emt 0:01:04]} Rb2+ {[%emt 0:00:11]} 88. Kc1 {[%emt 0:00:17]} Rxb6 {[%emt 0:00:06]} 89. Kc2 {[%emt 0:00:29]} Rb7 {[%emt 0:00:05]} 90. Rxb7 {[%emt 0:00:33]} Kxb7 {[%emt 0:00:09]} 91. a8=Q+ {[%emt 0:00:10]} Kxa8 {[%emt 0:00:12]} 1/2-1/2

[Event "Fagernes International 2022"]
[Site "Fagernes"]
[Date "2022.04.12"]
[Round "4.16"]
[White "Hellesoy, David"]
[Black "Dybvik, Bjorn Noralf"]
[Result "1-0"]
[WhiteElo "1561"]
[BlackElo "1487"]
[Annotator "NA RC"]
[PlyCount "63"]
[EventDate "2022.04.10"]
[EventCountry "NOR"]
[SourceTitle "playchess.com"]
[Source "ChessBase"]
[SourceQuality "1"]

1. e4 {[%emt 0:00:01]} c6 {[%emt 0:00:19]} 2. d4 {[%emt 0:00:06]} d5 {[%emt 0:00:13]} 3. Nd2 {[%emt 0:00:06]} dxe4 {[%emt 0:00:20]} 4. Nxe4 {[%emt 0:00:08]} Bf5 {[%emt 0:01:07]} 5. Ng3 {[%emt 0:00:07]} Bg6 {[%emt 0:00:09]} 6. h4 {[%emt 0:00:06]} h6 {[%emt 0:00:57]} 7. Nf3 {[%emt 0:00:08]} Nd7 {[%emt 0:00:54]} 8. h5 {[%emt 0:00:05]} Bh7 {[%emt 0:00:38]} 9. Bd3 {[%emt 0:00:06]} Bxd3 {[%emt 0:00:33]} 10. Qxd3 {[%emt 0:00:06]} e6 {[%emt 0:01:39]} 11. Bd2 {[%emt 0:00:07]} Ngf6 {[%emt 0:00:57]} 12. O-O-O {[%emt 0:00:11]} Bd6 {[%emt 0:01:00]} 13. Ne4 {[%emt 0:00:11]} Nxe4 {[%emt 0:01:17]} 14. Qxe4 {[%emt 0:00:07]} Nf6 {[%emt 0:00:36]} 15. Qe2 {[%emt 0:00:05]} Qc7 {[%emt 0:02:29]} 16. Rh4 {[%emt 0:01:39]} O-O-O {[%emt 0:02:37]} 17. Kb1 {[%emt 0:00:42]} Nd5 {[%emt 0:02:28]} 18. g3 {[%emt 0:02:47]} Be7 {[%emt 0:06:39]} 19. Re4 {[%emt 0:05:07]} Nf6 {[%emt 0:02:55]} 20. Rh4 {[%emt 0:02:38]} Rhe8 {[%emt 0:01:30]} 21. c4 {[%emt 0:00:59]} Nd7 {[%emt 0:03:16]} 22. Rhh1 {[%emt 0:01:58]} Nb6 {[%emt 0:03:13]} 23. Bf4 {[%emt 0:02:19]} Qd7 {[%emt 0:05:20]} 24. Ne5 {[%emt 0:01:25]} Qc7 {[%emt 0:02:17]} 25. Nxf7 {[%emt 0:00:21]} Qd7 {[%emt 0:01:29]} 26. Ne5 {[%emt 0:03:05]} Qc7 {[%emt 0:01:20]} 27. Nf7 {[%emt 0:07:31]} Qd7 {[%emt 0:03:03]} 28. Qe5 {[%emt 0:05:07]} Bd6 {[%emt 0:02:36]} 29. Qxd6 {[%emt 0:03:56]} Qxd6 {[%emt 0:00:42]} 30. Nxd6+ {[%emt 0:00:11]} Rxd6 {[%emt 0:00:31]} 31. Bxd6 {[%emt 0:00:09]} Nxc4 {[%emt 0:00:34]} 32. Bf4 {[%emt 0:00:47]} 1-0

[Event "Fagernes International 2022"]
[Site "Fagernes"]
[Date "2022.04.12"]
[Round "4.17"]
[White "Bollestad, Leiv Ove"]
[Black "Donchenko, Irina"]
[Result "0-1"]
[WhiteElo "1302"]
[BlackElo "2057"]
[Annotator "RC"]
[PlyCount "116"]
[EventDate "2022.04.10"]
[EventCountry "NOR"]
[SourceTitle "playchess.com"]
[Source "ChessBase"]
[SourceQuality "1"]

1. e4 {[%emt 0:00:16]} c5 {[%emt 0:00:08]} 2. Nf3 {[%emt 0:00:11]} d6 {[%emt 0:00:10]} 3. Nc3 {[%emt 0:00:23]} Nf6 {[%emt 0:00:16]} 4. Bb5+ {[%emt 0:01:16]} Bd7 {[%emt 0:01:39]} 5. Bxd7+ {[%emt 0:00:59]} Qxd7 {[%emt 0:00:35]} 6. O-O {[%emt 0:00:14]} g6 {[%emt 0:00:27]} 7. d4 {[%emt 0:04:42]} cxd4 {[%emt 0:00:09]} 8. Nxd4 {[%emt 0:00:14]} Bg7 {[%emt 0:00:19]} 9. Re1 {[%emt 0:01:43]} Nc6 {[%emt 0:02:07]} 10. Nxc6 {[%emt 0:02:03]} bxc6 {[%emt 0:03:21]} 11. Bf4 {[%emt 0:03:43]} Nh5 {[%emt 0:05:44]} 12. Bd2 {[%emt 0:06:27]} e5 {[%emt 0:11:26]} 13. Qf3 {[%emt 0:04:13]} O-O {[%emt 0:01:56]} 14. Rad1 {[%emt 0:02:06]} f5 {[%emt 0:03:45]} 15. Qh3 {[%emt 0:04:04]} Qf7 {[%emt 0:10:42]} 16. exf5 {[%emt 0:03:07]} Qxf5 {[%emt 0:01:00]} 17. Qxf5 {[%emt 0:00:09]} gxf5 {[%emt 0:00:28]} 18. Bg5 {[%emt 0:00:28]} d5 {[%emt 0:00:21]} 19. Na4 {[%emt 0:01:16]} Rfe8 {[%emt 0:03:08]} 20. f3 {[%emt 0:01:44]} Bf6 {[%emt 0:03:50]} 21. Bxf6 {[%emt 0:02:37]} Nxf6 {[%emt 0:00:21]} 22. Nc5 {[%emt 0:00:20]} Rab8 {[%emt 0:00:57]} 23. b3 {[%emt 0:00:24]} Kf7 {[%emt 0:05:40]} 24. a4 {[%emt 0:02:57]} Rbd8 {[%emt 0:09:15]} 25. Nb7 {[%emt 0:09:10]} Rd7 {[%emt 0:00:38]} 26. Nc5 {[%emt 0:00:08]} Rde7 {[%emt 0:03:09]} 27. Nd3 {[%emt 0:01:10]} Nd7 {[%emt 0:04:17]} 28. Nb4 {[%emt 0:02:23]} Re6 {[%emt 0:03:16]} 29. Kf2 {[%emt 0:04:44]} a5 {[%emt 0:02:34]} 30. Nd3 {[%emt 0:02:45]} Rg6 {[%emt 0:01:26]} 31. Rd2 {[%emt 0:07:15]} d4 {[%emt 0:05:53]} 32. Rde2 {[%emt 0:01:41]} Rge6 {[%emt 0:03:05]} 33. h3 {[%emt 0:04:35]} e4 {[%emt 0:04:10]} 34. fxe4 {[%emt 0:01:09]} fxe4 {[%emt 0:01:09]} 35. Nf4 {[%emt 0:01:39]} Re5 {[%emt 0:01:30]} 36. g4 {[%emt 0:04:38]} Nf6 {[%emt 0:05:57]} 37. Nd3 {[%emt 0:04:41]} Rd5 {[%emt 0:04:15]} 38. Nf4 {[%emt 0:03:43]} Rc5 {[%emt 0:01:35]} 39. Rd1 {[%emt 0:04:01]} Nd5 40. Nxd5 {[%emt 0:02:33]} Rxd5 {[%emt 0:00:15]} 41. Kg3 {[%emt 0:00:20]} e3 {[%emt 0:04:51]} 42. Rf1+ {[%emt 0:02:27]} Ke7 {[%emt 0:16:14]} 43. Rf5 {[%emt 0:04:08]} Rxf5 {[%emt 0:00:39]} 44. gxf5 {[%emt 0:00:07]} Kf6 {[%emt 0:00:11]} 45. Kf4 {[%emt 0:00:34]} Re5 {[%emt 0:00:26]} 46. h4 {[%emt 0:02:34]} c5 {[%emt 0:01:50]} 47. Re1 {[%emt 0:01:48]} Rxf5+ {[%emt 0:01:47]} 48. Ke4 {[%emt 0:00:16]} Ke6 {[%emt 0:02:56]} 49. Kd3 {[%emt 0:01:19]} Kd5 {[%emt 0:01:23]} 50. c3 {[%emt 0:00:44]} Rf2 {[%emt 0:00:48]} 51. cxd4 {[%emt 0:01:50]} cxd4 {[%emt 0:00:05]} 52. Rd1 {[%emt 0:00:49]} Rb2 {[%emt 0:00:23]} 53. b4 {[%emt 0:02:49]} Rxb4 {[%emt 0:00:40]} 54. Rg1 {[%emt 0:01:05]} Rb3+ {[%emt 0:00:31]} 55. Kc2 {[%emt 0:00:25]} Kc4 {[%emt 0:00:31]} 56. Rg7 {[%emt 0:00:54]} d3+ {[%emt 0:00:33]} 57. Kc1 {[%emt 0:00:25]} Rc3+ {[%emt 0:02:06]} 58. Kd1 {[%emt 0:00:32]} e2+ {[%emt 0:00:31]} 0-1

[Event "Fagernes International 2022"]
[Site "Fagernes"]
[Date "2022.04.12"]
[Round "4.18"]
[White "Albrigtsen, Tord"]
[Black "Flatebo, Hallvard Haug"]
[Result "0-1"]
[WhiteElo "1300"]
[BlackElo "1886"]
[Annotator "NA RC"]
[PlyCount "90"]
[EventDate "2022.04.10"]
[EventCountry "NOR"]
[SourceTitle "playchess.com"]
[Source "ChessBase"]
[SourceQuality "1"]

1. d4 {[%emt 0:00:02]} f5 {[%emt 0:00:06]} 2. c4 {[%emt 0:00:09]} Nf6 {[%emt 0:00:06]} 3. Nc3 {[%emt 0:00:13]} d6 {[%emt 0:00:10]} 4. Bg5 {[%emt 0:01:22]} e6 {[%emt 0:00:10]} 5. e3 {[%emt 0:00:14]} Be7 {[%emt 0:00:08]} 6. Nf3 {[%emt 0:01:53]} O-O {[%emt 0:00:10]} 7. Be2 {[%emt 0:00:14]} b6 {[%emt 0:01:16]} 8. O-O {[%emt 0:01:22]} Bb7 {[%emt 0:01:24]} 9. b4 {[%emt 0:08:00]} Nbd7 {[%emt 0:03:57]} 10. Qb3 {[%emt 0:02:34]} c5 {[%emt 0:02:48]} 11. dxc5 {[%emt 0:01:02]} dxc5 {[%emt 0:00:16]} 12. b5 {[%emt 0:05:36]} Qe8 {[%emt 0:04:09]} 13. Bh4 {[%emt 0:10:54]} (13. Bf4 $11) 13... Qg6 {[%emt 0:04:23]} 14. Bg3 {[%emt 0:00:48]} Nh5 {[%emt 0:02:36]} 15. Rad1 {[%emt 0:04:24]} Nxg3 {[%emt 0:03:46]} 16. fxg3 {[%emt 0:02:56]} Nf6 {[%emt 0:02:46]} 17. Ne5 {[%emt 0:12:57]} Qh6 {[%emt 0:00:19]} 18. Rd3 {[%emt 0:00:44]} Rad8 {[%emt 0:04:19]} 19. Rfd1 {[%emt 0:02:43]} Rxd3 {[%emt 0:04:55]} 20. Rxd3 {[%emt 0:00:08]} Ne4 {[%emt 0:03:10]} 21. Nxe4 {[%emt 0:03:09]} Bxe4 {[%emt 0:00:33]} 22. Rd7 {[%emt 0:06:08]} Bg5 {[%emt 0:03:06]} 23. Kf2 {[%emt 0:00:21]} Bf6 {[%emt 0:03:57]} 24. Nf3 {[%emt 0:06:16]} Bxf3 {[%emt 0:01:54]} ({Black should play} 24... g5 $17 25. Kg1 g4) 25. Bxf3 {[%emt 0:00:13]} Qxh2 {[%emt 0:00:31]} 26. Rxa7 {[%emt 0:00:59]} Rd8 {[%emt 0:01:00]} 27. Ra8 {[%emt 0:01:02]} Rxa8 {[%emt 0:03:18]} 28. Bxa8 {[%emt 0:00:28]} Be5 {[%emt 0:00:05]} 29. Qd1 {[%emt 0:02:51]} Qxg3+ {[%emt 0:00:49]} 30. Ke2 {[%emt 0:00:11]} Qg4+ {[%emt 0:00:42]} 31. Bf3 {[%emt 0:03:40]} Qxc4+ {[%emt 0:00:16]} 32. Kf2 {[%emt 0:01:35]} Qxb5 {[%emt 0:01:50]} 33. Qd8+ {[%emt 0:00:37]} Kf7 {[%emt 0:00:15]} 34. Bh5+ {[%emt 0:00:36]} g6 {[%emt 0:00:21]} 35. Be2 {[%emt 0:00:04]} Qc6 {[%emt 0:00:26]} 36. Bf3 {[%emt 0:00:18]} Qc7 {[%emt 0:00:52]} 37. Qh4 {[%emt 0:01:20]} Kg7 {[%emt 0:00:33]} 38. Qc4 {[%emt 0:00:16]} Qd7 {[%emt 0:01:15]} 39. Qb3 {[%emt 0:00:56]} b5 $19 {[%emt 0:00:44]} ({Wrong is} 39... Qd2+ $2 40. Be2 $19) 40. Qc2 {[%emt 0:01:24]} c4 {[%emt 0:00:12]} 41. a4 {[%emt 0:00:14]} bxa4 {[%emt 0:01:24]} 42. Qxc4 {[%emt 0:00:09]} a3 {[%emt 0:00:20]} 43. Bc6 {[%emt 0:01:32]} Qd2+ {[%emt 0:00:36]} 44. Kf3 {[%emt 0:00:12]} a2 {[%emt 0:01:40]} 45. Qxe6 {[%emt 0:00:20]} Bf6 {[%emt 0:00:12]} 0-1

[Event "Fagernes International 2022"]
[Site "Fagernes"]
[Date "2022.04.12"]
[Round "4.19"]
[White "Paulien, Pascal"]
[Black "Holten, Terje"]
[Result "1-0"]
[WhiteElo "1815"]
[BlackElo "1237"]
[Annotator "NA RC"]
[PlyCount "55"]
[EventDate "2022.04.10"]
[EventCountry "NOR"]
[SourceTitle "playchess.com"]
[Source "ChessBase"]
[SourceQuality "1"]

1. d4 {[%emt 0:00:03]} Nf6 {[%emt 0:00:06]} 2. Bf4 {[%emt 0:00:08]} d6 {[%emt 0:00:18]} 3. Nf3 {[%emt 0:00:35]} g6 {[%emt 0:00:14]} 4. c4 {[%emt 0:01:17]} Bg7 {[%emt 0:00:23]} 5. Qd2 {[%emt 0:00:22]} O-O {[%emt 0:01:32]} 6. Bh6 {[%emt 0:00:18]} Re8 {[%emt 0:06:26]} 7. Bxg7 {[%emt 0:00:17]} Kxg7 {[%emt 0:00:02]} 8. Nc3 {[%emt 0:01:16]} Nbd7 {[%emt 0:03:16]} 9. e4 {[%emt 0:06:28]} e5 {[%emt 0:02:29]} 10. dxe5 {[%emt 0:05:17]} Nxe5 {[%emt 0:00:42]} 11. Nxe5 {[%emt 0:06:16]} Rxe5 {[%emt 0:02:00]} 12. Bd3 {[%emt 0:03:32]} c6 {[%emt 0:08:06]} 13. O-O-O {[%emt 0:01:08]} b5 {[%emt 0:07:05]} 14. cxb5 {[%emt 0:03:47]} cxb5 {[%emt 0:00:18]} 15. Bxb5 {[%emt 0:01:30]} Nxe4 {[%emt 0:04:51]} 16. Nxe4 {[%emt 0:01:22]} Rxe4 {[%emt 0:02:50]} 17. Qc3+ {[%emt 0:06:11]} Kf8 {[%emt 0:05:54]} 18. Bc6 {[%emt 0:01:41]} Qg5+ {[%emt 0:02:02]} 19. Kb1 {[%emt 0:13:18]} Bf5 {[%emt 0:01:39]} 20. Bxe4 {[%emt 0:00:19]} Bxe4+ {[%emt 0:00:05]} 21. Ka1 {[%emt 0:00:13]} Qxg2 {[%emt 0:01:22]} 22. Rhe1 $18 {[%emt 0:03:19]} d5 {[%emt 0:01:08]} 23. Qh8+ {[%emt 0:00:08]} Ke7 {[%emt 0:00:10]} 24. Qxa8 {[%emt 0:00:07]} Qxf2 {[%emt 0:00:24]} 25. Qxd5 {[%emt 0:00:27]} f5 {[%emt 0:00:31]} 26. Qe5+ {[%emt 0:00:45]} Kf7 {[%emt 0:00:13]} 27. Rd7+ {[%emt 0:00:08]} Kf8 {[%emt 0:00:12]} 28. Qh8# {[%emt 0:00:07]} 1-0

[Event "Fagernes International 2022"]
[Site "Fagernes"]
[Date "2022.04.12"]
[Round "4.20"]
[White "Stenseng, Benjamin"]
[Black "Schneider, Andrea"]
[Result "1-0"]
[WhiteElo "1578"]
[BlackElo "1217"]
[Annotator "NA RC"]
[PlyCount "41"]
[EventDate "2022.04.10"]
[EventCountry "NOR"]
[SourceTitle "playchess.com"]
[Source "ChessBase"]
[SourceQuality "1"]

1. e4 e6 {[%emt 0:00:08]} 2. d4 {[%emt 0:00:04]} d5 {[%emt 0:00:08]} 3. Nc3 {[%emt 0:00:04]} Bb4 {[%emt 0:00:10]} 4. e5 {[%emt 0:00:31]} c5 {[%emt 0:00:11]} 5. a3 {[%emt 0:00:05]} Bxc3+ {[%emt 0:00:08]} 6. bxc3 {[%emt 0:00:02]} Ne7 {[%emt 0:00:12]} 7. Qg4 {[%emt 0:00:15]} Qa5 {[%emt 0:02:41]} 8. Bd2 {[%emt 0:02:00]} Qa4 {[%emt 0:02:02]} 9. Qxg7 {[%emt 0:04:57]} Rg8 {[%emt 0:00:28]} 10. Qxh7 {[%emt 0:00:30]} cxd4 {[%emt 0:01:08]} 11. Rb1 {[%emt 0:02:05]} a6 {[%emt 0:07:26]} 12. cxd4 {[%emt 0:04:59]} Qxd4 {[%emt 0:01:36]} 13. Nf3 {[%emt 0:03:21]} Qa4 {[%emt 0:03:17]} 14. Ng5 {[%emt 0:06:00]} Rf8 {[%emt 0:04:03]} 15. Be2 {[%emt 0:04:23]} Nbc6 {[%emt 0:04:43]} 16. Bh5 {[%emt 0:12:00]} Nxe5 {[%emt 0:01:46]} 17. f4 {[%emt 0:02:00]} N5g6 {[%emt 0:02:16]} 18. Bb4 {[%emt 0:09:30]} Qxc2 {[%emt 0:01:25]} 19. O-O {[%emt 0:00:29]} Qf5 {[%emt 0:01:13]} 20. Qg7 {[%emt 0:02:38]} f6 {[%emt 0:08:45]} 21. Qxe7# {[%emt 0:00:23]} 1-0

[Event "Fagernes International 2022"]
[Site "Fagernes"]
[Date "2022.04.13"]
[Round "5.1"]
[White "Johannessen, Heine N"]
[Black "Ostensen, Nicolai Maxime"]
[Result "1/2-1/2"]
[WhiteElo "1928"]
[BlackElo "1728"]
[Annotator "TA"]
[PlyCount "67"]
[EventDate "2022.04.10"]
[EventCountry "NOR"]
[SourceTitle "playchess.com"]
[Source "ChessBase"]
[SourceQuality "1"]

{[%evp 12,67,38,45,60,29,71,20,18,17,19,0,13,28,41,29,33,28,33,16,75,52,58,46,38,47,54,0,0,0,0,0,6,0,0,0,0,0,14,15,18,23,26,22,17,23,26,12,12,0,0,0,0,0,0,0,0,0]} 1. d4 {[%emt 0:00:25]} d5 {[%emt 0:00:04]} 2. Nf3 {[%emt 0:00:06]} Nf6 {[%emt 0:00:04]} 3. c4 {[%emt 0:00:06]} e6 {[%emt 0:00:04]} 4. Nc3 {[%emt 0:00:12]} Be7 {[%emt 0:00:04]} 5. Bf4 {[%emt 0:00:33]} O-O {[%emt 0:02:06]} 6. e3 {[%emt 0:00:42]} dxc4 {[%emt 0:01:03]} 7. Bxc4 {[%emt 0:00:58]} a6 {[%emt 0:00:55] D37: Queen's Gambit Declined: 5 Bf4.} 8. a4 {[%emt 0:07:10] Inhibits b5.} Nbd7 {[%emt 0:06:28] [#]} 9. a5 $146 {[%emt 0:10:15] &Bianco is more active.} (9. e4 $16) ({Predecessor:} 9. O-O c5 10. a5 cxd4 11. exd4 b6 12. d5 exd5 13. Nxd5 Nxd5 14. Bxd5 Ra7 15. Nd4 {1-0 (29) Fidalgo,A (2058)-Nogueira,D (1691) Oeiras 2015}) 9... b5 $11 {[%emt 0:07:16]} 10. axb6 {[%emt 0:01:15]} Nxb6 {[%emt 0:01:35]} 11. Qe2 {[%emt 0:09:39]} a5 {[%emt 0:04:49]} 12. Bb5 {[%emt 0:03:57]} Bb7 {[%emt 0:02:40]} 13. O-O {[%emt 0:00:38]} Nfd5 {[%emt 0:01:44]} 14. Bg3 {[%emt 0:04:24]} Nb4 {[%emt 0:03:16]} 15. Rfc1 {[%emt 0:11:18]} Bd6 {[%emt 0:11:57]} (15... c6 $1 $11 {keeps the balance.} 16. Bd3 Nxd3 17. Qxd3 c5) 16. Ne5 {[%emt 0:04:14]} Qe7 {[%emt 0:05:20]} 17. Na4 {[%emt 0:05:57]} Nxa4 {[%emt 0:05:39]} 18. Bxa4 {[%emt 0:03:24]} Rfd8 {[%emt 0:01:30]} 19. Nc6 {[%emt 0:01:49]} (19. Qg4 $14) 19... Nxc6 {[%emt 0:06:00]} 20. Bxc6 {[%emt 0:00:16]} Bxc6 {[%emt 0:00:10]} 21. Rxc6 {[%emt 0:00:05]} Rdb8 {[%emt 0:00:26]} 22. Ra6 {[%emt 0:04:44]} Rxa6 {[%emt 0:01:53]} 23. Qxa6 {[%emt 0:00:01]} Rxb2 {[%emt 0:02:12]} 24. Qxa5 {[%emt 0:01:07]} Bxg3 {[%emt 0:03:50]} 25. hxg3 {[%emt 0:02:44][%mdl 4096] Endgame KQR-KQR} h6 {[%emt 0:07:40]} 26. Qc3 {[%emt 0:08:44]} (26. Rc1 {looks sharper.} Qf6 27. Qa8+ Kh7 28. Qf3) 26... Rb8 {[%emt 0:01:50]} 27. Rc1 {[%emt 0:01:51]} Rb7 {[%emt 0:03:58]} 28. Qc6 {[%emt 0:01:42]} Ra7 {[%emt 0:05:33]} 29. Rb1 {[%emt 0:01:24]} Qf6 {[%emt 0:05:06] The position is equal.} 30. Qe4 {[%emt 0:03:19] [#] White threatens Rb8+ and mate.} Qf5 {[%emt 0:04:48]} 31. Qxf5 {[%emt 0:00:46]} exf5 {[%emt 0:00:06]} 32. Kf1 {[%emt 0:02:48]} Kf8 {[%emt 0:00:22]} 33. Rc1 {[%emt 0:01:25]} Ke7 {[%emt 0:00:12]} 34. Rc2 {[%emt 0:00:58] Weighted Error Value: White=0.13 (very precise) /Black=0.09 (flawless)} 1/2-1/2